| 000 | 00782cam a2200265 a 4500 | ||
|---|---|---|---|
| 001 | 127092 | ||
| 003 | OSt | ||
| 005 | 20180921 | ||
| 008 | 0000001973 CUBAN 0000000000 00 | ||
| 100 | _aKuschinsky, G | ||
| 245 |
_aManual de farmacología _cG. Kuschinsky, H. Lullmann; tr. Carlos Valtrié Leal |
||
| 260 | _bInstituto Cubano del Libro | ||
| 300 | _axi; 374p. | ||
| 650 | _aFarmacología | ||
| 040 |
_aDLC _cDLC |
||
| 942 |
_2ddc _cBK |
||
| 999 |
_c127092 _d12709200 |
||